Southville International School and Colleges
Your cart is empty.
  • Cart
  • Lists
    Public lists Eva Luna New books Lux_list list_1
    Your lists Log in to create your own lists
  • Log in to your account
  • Your cookies
  • Search history
Southville International School and Colleges
  • Advanced search
  • Recent comments
  • Most popular
  • Libraries

Log in to your account

Log in with GOOGLE


If you do not have an external account, but do have a local account, you can still log in:

  1. Home
  2. MARC view: You can be the stainless stellrat :
Normal view MARC view ISBD view

You can be the stainless stellrat : (Record no. 10725)

[ view plain ]
MARC details
000 -LEADER
fixed length control field 00492nam a22001697a 4500
003 - CONTROL NUMBER IDENTIFIER
control field PILC
005 - DATE AND TIME OF LATEST TRANSACTION
control field 20160113092100.0
008 - FIXED-LENGTH DATA ELEMENTS--GENERAL INFORMATION
fixed length control field 130909t xxu||||| |||| 00| 0 eng d
050 ## - LIBRARY OF CONGRESS CALL NUMBER
Classification number PZ 7
Item number .H318 1988
082 ## - DEWEY DECIMAL CLASSIFICATION NUMBER
Classification number FIC
Item number H24h 1988
100 ## - MAIN ENTRY--PERSONAL NAME
Personal name Harrison, Harry
9 (RLIN) 17477
245 ## - TITLE STATEMENT
Title You can be the stainless stellrat :
Statement of responsibility, etc Harrison, Harry
Remainder of title an interactive, role- playing game
260 ## - PUBLICATION, DISTRIBUTION, ETC. (IMPRINT)
Place of publication, distribution, etc New York
Name of publisher, distributor, etc : Ace Books,
Date of publication, distribution, etc c1988.
300 ## - PHYSICAL DESCRIPTION
Extent 156 p.
Dimensions 17 cm.
942 ## - ADDED ENTRY ELEMENTS (KOHA)
Source of classification or shelving scheme Library of Congress Classification
Koha item type Books
Holdings
Withdrawn status Lost status Source of classification or shelving scheme Damaged status Home library Current library Shelving location Date acquired Total Checkouts Full call number Barcode Date last seen Copy number Price effective from Koha item type
    Library of Congress Classification   Luxembourg Library Luxembourg Library Fiction Section 09/09/2013   PZ 7 .H318 1988 5051 09/09/2013 1 09/09/2013 Books

You can be the stainless stellrat :

APA

Harrison H., . (1988). You can be the stainless stellrat. New York: Ace Books.

Chicago

Harrison Harry, . 1988. You can be the stainless stellrat. New York: Ace Books.

Harvard

Harrison H., . (1988). You can be the stainless stellrat. New York: Ace Books.

MLA

Harrison Harry, . You can be the stainless stellrat. New York: Ace Books. 1988.

  • Place hold
  • Print
  • Cite
  • Add to your cart (remove)
  • Save record
    BIBTEX Dublin Core MARCXML MARC (non-Unicode/MARC-8) MARC (Unicode/UTF-8) MARC (Unicode/UTF-8, Standard) MODS (XML) RIS
  • More searches
    Search for this title in:
    Other Libraries (WorldCat) Other Databases (Google Scholar) Online Stores (Bookfinder.com) Open Library (openlibrary.org)

Exporting to Dublin Core...

SOUTHVILLE LIBRARY

Southville International School and Colleges Library

1281 Tropical Ave. Cor. Luxembourg St., BF Homes International, Las Pinas City

Tel. No. 8256374 / 252358 Loc. 117/146

Powered by Koha